Closest Countries to Mauritius Quiz Stats

 Plays Quiz Updated Jul 2, 2018

Challenge
Share
Tweet
Embed
Score 0/20 Timer 03:00
3 Plays Today
Distance Country % Correct
867 kmMadagascar
95.4%
2,582 kmSouth Africa
93.8%
1,920 kmKenya
89.1%
354 kmSeychelles
86.4%
1,841 kmSomalia
85.9%
1,766 kmTanzania
85.8%
1,852 kmMozambique
84.4%
2,758 kmIndia
79.3%
1,628 kmComoros
79.1%
2,645 kmeSwatini
77.9%
Distance Country % Correct
2,532 kmZimbabwe
76.4%
2,129 kmEthiopia
75.6%
2,502 kmZambia
71.9%
2,117 kmMaldives
69.8%
2,761 kmUganda
68.8%
2,321 kmMalawi
67.1%
2,810 kmDjibouti
63.8%
2,522 kmYemen
63.5%
172 kmFrance
60.1%
1,662 kmUnited Kingdom
52.7%

You're not logged in!

Compare scores with friends on all Sporcle quizzes.
Join for Free
OR
Log In

You Might Also Like...

Show Comments

Extras

Top Quizzes Today


Score Distribution

Your Account Isn't Verified!

In order to create a playlist on Sporcle, you need to verify the email address you used during registration. Go to your Sporcle Settings to finish the process.

Report this User

Report this user for behavior that violates our Community Guidelines.

Details: